Statistics for Eintracht Frankfurt Best Scorer By Year

Click here to take the quiz!

General Stats

  • This quiz has been taken 249 times
    (9 since last reset)
  • The average score is 13 of 40

Answer Stats

Player% Correct
Alexander Meier
100%
Sébastien Haller
100%
André Silva
88%
Luka Jović
88%
Randal Kolo Muani
75%
Tony Yeboah
75%
Bernd Hölzenbein
63%
Jay-Jay Okocha
63%
Jürgen Grabowski
63%
Andreas Möller
50%
Cha Bum-geun
50%
Omar Marmoush
50%
Rafael Borré
50%
Theofanis Gekas
38%
Jørn Andersen
25%
Marco Fabián
25%
Ralf Falkenmayer
25%
Bachirou Salou
13%
Bernd Nickel
13%
Chen Yang
13%
Ervin Skela
13%
Harald Krämer
13%
Horst Heese
13%
Ioannis Amanatidis
13%
Jan Svensson
13%
Janusz Turowski
13%
Joselu
13%
Klaus Theiss
13%
Lajos Détári
13%
Matthias Hagner
13%
Naohiro Takahara
13%
Nikos Liberopoulos
13%
Norbert Nachtweih
13%
Paweł Kryszałowicz
13%
Siegfried Bronnert
13%
Walter Bechtold
13%
Werner Lorant
13%
Willi Huberts
13%
Wolfgang Solz
13%
Wolfgang Solz
13%

Score Distribution

Percentile by Number Answered

Percent of People with Each Score

Your Score History

You have not taken this quiz since the last reset